Business periodicals collection
Guardado en:
| Formato: | Libro |
|---|---|
| Lenguaje: | Undetermined |
| Publicado: |
Ipswich, MA.
Ebsco
2004
|
| Materias: | |
| Etiquetas: |
Agregar Etiqueta
Sin Etiquetas, Sea el primero en etiquetar este registro!
|
| Thư viện lưu trữ: | Trung tâm Học liệu Trường Đại học Cần Thơ |
|---|
| LEADER | 00399nam a2200157Ia 4500 | ||
|---|---|---|---|
| 001 | CTU_103472 | ||
| 008 | 210402s9999 xx 000 0 und d | ||
| 082 | |a 338 | ||
| 082 | |b B979/Dis.2 | ||
| 245 | 0 | |a Business periodicals collection | |
| 260 | |a Ipswich, MA. | ||
| 260 | |b Ebsco | ||
| 260 | |c 2004 | ||
| 650 | |a Economics | ||
| 904 | |i Truc | ||
| 980 | |a Trung tâm Học liệu Trường Đại học Cần Thơ | ||